Normal view
MARC view
Entry Personal Name
001 - CONTROL NUMBER
- control field: 75679
003 - CONTROL NUMBER IDENTIFIER
- control field: dpl
005 - DATE AND TIME OF LATEST TRANSACTION
- control field: 20250102113308.0
008 - FIXED-LENGTH DATA ELEMENTS
- fixed length control field: 250102|| aca||aabn | a|a d
040 ## - CATALOGING SOURCE
- Original cataloging agency: dpl
- Transcribing agency: dpl
100 ## - HEADING--PERSONAL NAME
- Personal name: Chandan Kumar
670 ## - SOURCE DATA FOUND
- Source citation: Work cat.: (dpl)207966: Dheeraj Singh 75677, Vegetables and Spices;, 2022
